000 00488nam a2200169Ia 4500
005 20250508152951.0
008 008 250505s9999 xx 000 0 eng d
037 _aTextual
040 _aFEDL
_beng
_cFEDL
041 _aeng
_2eng
084 _a947, NEW
_qFEDL
245 0 _aU.S.S.R. Reference book
260 _aNew Delhi, India
_bThe Information Department of the USSR Embassy in India
_c1957
300 _a327p.
942 _cTEXL
_h947, NEW
999 _c1339880
_d1339880